Osobitosti metodiky účtovania v poisťovniach s akcentom na aproximáciu poistnej legislatívy s krajinami EÚ dizertačná práca

Uložené v:
Podrobná bibliografia
Hlavný autor: Meluchová, Jitka, 1965-
Korporativný autor: Fakulta hospodárskej informatiky EU. Katedra účtovníctva
Ďalší autori: Baštincová, Anna
Médium: Kniha
Jazyk:Slovak
Vydavateľské údaje: Bratislava 2002
Predmet:
Tagy: Pridať tag
Žiadne tagy, Buďte prvý, kto otaguje tento záznam!

MARC

LEADER 00000nam$a2200000$$$4500
001 0036681
005 20240502071452.3
041 0 |a slo 
044 |a SK 
245 1 0 |a Osobitosti metodiky účtovania v poisťovniach s akcentom na aproximáciu poistnej legislatívy s krajinami EÚ  |b dizertačná práca  |c Jitka Meluchová ; školiteľ: Anna Baštincová 
264 1 |a Bratislava  |c 2002 
300 |a 176 s. 
610 2 0 |a trh poistný 
610 2 0 |a rezervy poistné 
610 2 0 |a rezervy technické 
610 2 0 |a investovanie 
610 2 0 |a náklady 
610 2 0 |a výnosy 
610 2 0 |a závierka účtovná konsolidovaná 
610 2 0 |a solventnosť 
610 2 0 |a aproximácia práva 
610 2 0 |a Európska únia 
100 1 |a Meluchová, Jitka, 1965- 
700 1 |a Baštincová, Anna 
710 2 |a Fakulta hospodárskej informatiky EU. Katedra účtovníctva